000 00373nam a22001697a 4500
005 20160627160009.0
008 160627b xxu||||| |||| 00| 0 eng d
020 _a81-7992-340-1
041 _aeng
082 _b10524
100 _aMay, Matthew
_92983
245 _aAbsolute Impact
260 _bJaico
_c2004
300 _a262
650 _aManagement
_9241
942 _cBK
999 _c4316
_d4315